000 00585nam a2200229 a 4500
001 0001-1383
003 ELIB.Books
008 160718 2010 eng
020 _a1570753385
035 _a(ELIB.Books)0001-1538
092 _a220.6
_bSeg
100 _aSegovia, Fernando F.
245 _aDecolonizing Biblical Studies
_bA View from the Margins
260 _aMaryknoll
_bOrbis Books
_c2000
300 _a177
_c20.5 Cm
650 _aBible
856 _nKBTS Library
_uKBTS: ELIB
942 _2ddc
_cBK
990 _a1
998 _cbat
_e2016-07-18
999 _c11383
_d11383